| 000 | 00682nam a2200217 a 4500 | ||
|---|---|---|---|
| 001 | 000020762 | ||
| 005 | 20240412074249.0 | ||
| 008 | 100813s2015 dr 000 0 spa d | ||
| 020 | _a9789945588477 | ||
| 040 |
_aDO-SdBNP _bspa _cBNPHU |
||
| 082 |
_aRD861.5 _bS684c |
||
| 100 | 1 |
_aSolano, Edwin, _d1989- _943519 |
|
| 245 | 1 | 0 |
_aCoartadas / _cEdwin Solano. |
| 260 |
_aSanto Domingo : _bRumbo Norte, _c2015. |
||
| 300 |
_a41 p. ; _c23 cm. |
||
| 500 | _aIncluye datos biográficos del autor en la solapa de la cubierta | ||
| 590 | _aInventariado, 2019 / DG | ||
| 650 | 0 |
_aPoesÃa dominicana _966 |
|
| 650 | 0 |
_aLiteratura dominicana. _967 |
|
| 910 | _aValidado. Control de calidad MFF | ||
| 999 |
_c20266 _d20266 |
||